000 00747nam a2200157Ia 4500
008 210327s9999||||xx |||||||||||||| ||und||
040 _cSTCPL
041 _hENG
082 _a621.381 512
_bEAS-F
245 0 _aFundamentals of vacuum tubes
250 _a3rd ed.
260 _aLondon
_bOrbis Publishing Ltd.
_c1949
300 _a22 CM.,644P, XXI
650 _aApplied PhysicsVacuum Tubesइदगाह, प्रेमचन्द्र, आकाश-दीप जयशंकर प्रसाद माँ अषादेवी मित्र आशीर्वाद-सुदर्शन, पत्नी-जैनेन्द्र कुमार सहपाठी-जनार्दन प्रसाद झा दीज
942 _cBK
999 _c16561
_d16561